000 00618nam a2200229Ia 4500
003 OSt
005 20220928101709.0
006 a|||||r|||| 00| 0
007 ta
008 220927b |||||||| |||| 00| 0 eng d
024 _a94253
037 _cTextual
040 _aSDCL
_cSDCL
_beng
041 _2eng
_aeng
082 _aO5:g152, P6
100 _aSrivastav Udaishankar
_9393883
245 0 _aPaschatya sameeksha ke char sutradhar.
260 _aDelhi
_bShabad Shrishti
_c2006
300 _a112p.
_ccm.
942 _hO5:g152, P6
_cTEXL
_2CC
999 _c709455
_d709455